Dictionary of mythology / (Record no. 363279)
[ view plain ]
| 000 -LEADER | |
|---|---|
| fixed length control field | 00472nam a2200193Ia 4500 |
| 008 - FIXED-LENGTH DATA ELEMENTS--GENERAL INFORMATION | |
| fixed length control field | 200601s9999 xx 000 0 und d |
| 020 ## - INTERNATIONAL STANDARD BOOK NUMBER | |
| International Standard Book Number | 0-440-20848-3 |
| 050 ## - LIBRARY OF CONGRESS CALL NUMBER | |
| Classification number | REF BL 303 |
| 050 ## - LIBRARY OF CONGRESS CALL NUMBER | |
| Item number | .E93 1970 c.2 |
| 100 ## - MAIN ENTRY--PERSONAL NAME | |
| Personal name | Evans, Bergen. |
| 245 #0 - TITLE STATEMENT | |
| Title | Dictionary of mythology / |
| 245 #0 - TITLE STATEMENT | |
| Statement of responsibility, etc | Bergen Evans |
| 260 ## - PUBLICATION, DISTRIBUTION, ETC. (IMPRINT) | |
| Place of publication, distribution, etc | New York : |
| 260 ## - PUBLICATION, DISTRIBUTION, ETC. (IMPRINT) | |
| Name of publisher, distributor, etc | Dell Publishing Co., Inc. |
| 260 ## - PUBLICATION, DISTRIBUTION, ETC. (IMPRINT) | |
| Date of publication, distribution, etc | 1991 |
| 300 ## - PHYSICAL DESCRIPTION | |
| Extent | 310 pages : |
| 300 ## - PHYSICAL DESCRIPTION | |
| Dimensions | 18 cm. |
| 500 ## - GENERAL NOTE | |
| General note | Includes index. |
| Withdrawn status | Lost status | Damaged status | Home library | Current library | Shelving location | Date acquired | Cost, normal purchase price | Total Checkouts | Full call number | Barcode | Date last seen | Price effective from | Koha item type |
|---|---|---|---|---|---|---|---|---|---|---|---|---|---|
| South Mansfield College | South Mansfield College | Reference Section | 06/01/2020 | 339.00 | REF BL 303 .E93 1970 c.2 | SMC02062 | 06/01/2020 | 06/01/2020 | Books |